000 00396cam a22001337a 4500
008 180718b1974 xxu||||| |||| 00| 0 eng d
082 _aT000 M475p
100 _aMeier, Gerald M.
245 _aProblems of cooperation for development
_cby Gerald M. Meier
260 _aNew York
_bOxford University Press
_c1974
300 _a249p.
650 _aEconomic assistance
650 _aEconomic development
999 _c350595
_d350595